| 000 | 00490nam a22002057a 4500 | ||
|---|---|---|---|
| 003 | bpm | ||
| 005 | 20260408095201.0 | ||
| 008 | 260408b |||||||| |||| 001 p esp d | ||
| 020 | _a9789871671441 | ||
| 024 | _aS. C. C. / M. C. y E. M.: | ||
| 040 | _aAR-CtUCP | ||
| 041 | _aspa | ||
| 080 | _aCDU | ||
| 100 | _aMeloni Aledo Luis | ||
| 245 | _aVida y sueño | ||
| 260 |
_aResistencia _bLibrería de la Paz _c2012 |
||
| 650 | _aLiteratura - Poesía | ||
| 942 | _cLIB | ||
| 999 |
_c76618 _d76618 |
||